000 00273nam a2200109Ia 4500
008 210430s9999 xx 000 0 und d
082 _a665.81 H992 H
100 _aYuda Yurum
_953010
245 _aHydrogen Energy System
_cYuda Yurum
300 _a341 p.
942 _cBK
_2ddc
999 _c562548
_d562548